Methods in microbiology. (Record no. 16018)
[ view plain ]
| 000 -LEADER | |
|---|---|
| fixed length control field | 00645cas a2200229 a 4500 |
| 022 0# - INTERNATIONAL STANDARD SERIAL NUMBER | |
| ISSN | 0580-9517 |
| 040 ## - CATALOGING SOURCE | |
| Transcribing agency | MUL |
| 082 00 - DEWEY DECIMAL CLASSIFICATION NUMBER | |
| Classification number | 576 ACA 1969 A082 Or. |
| 245 00 - TITLE STATEMENT | |
| Title | Methods in microbiology. |
| 260 ## - PUBLICATION, DISTRIBUTION, ETC. (IMPRINT) | |
| Place of publication | London ; |
| -- | New York : |
| Name of publisher | Academic Press, |
| Year of publication | 1969- |
| 300 ## - PHYSICAL DESCRIPTION | |
| Number of Pages | volumes : |
| Other physical details | illustrations ; |
| Dimensions | 26 cm |
| 500 ## - GENERAL NOTE | |
| General note | Vols. 17, 19- have distinctive titles. |
| 650 #0 - SUBJECT ADDED ENTRY--TOPICAL TERM | |
| Topical Term | Microbiology |
| 650 02 - SUBJECT ADDED ENTRY--TOPICAL TERM | |
| Topical Term | Microbiological Techniques. |
| 650 02 - SUBJECT ADDED ENTRY--TOPICAL TERM | |
| Topical Term | Microbiology. |
| 650 #6 - SUBJECT ADDED ENTRY--TOPICAL TERM | |
| Topical Term | Microbiologie |
| 650 #7 - SUBJECT ADDED ENTRY--TOPICAL TERM | |
| Topical Term | Microbiology |
| 650 17 - SUBJECT ADDED ENTRY--TOPICAL TERM | |
| Topical Term | Microbiologie. |
| 650 17 - SUBJECT ADDED ENTRY--TOPICAL TERM | |
| Topical Term | Wetenschappelijke technieken. |
| 650 #4 - SUBJECT ADDED ENTRY--TOPICAL TERM | |
| Topical Term | Microbiological technics |
| 942 ## - ADDED ENTRY ELEMENTS (KOHA) | |
| Koha item type | សៀវភៅភាសាអង់គ្លេស |
| 952 ## - LOCATION AND ITEM INFORMATION (KOHA) | |
| Withdrawn status [LOCAL, KOHA] | 0 |
| Permanent Location | Date acquired | Koha item type | Lost status | Shelving location | Barcode | Current Location | Full call number |
|---|---|---|---|---|---|---|---|
| Library Block A | 2017-12-26 | សៀវភៅភាសាអង់គ្លេស | A082 | A28578 | Library Block A | 576 ACA 1969 A082 Or. |